000 00557nam a22002297a 4500
003 UA-OsUOA
001 66919
007 ta
008 20100202b un ||||| |||| 00| 0 ukr d
100 _aОгей М.
700 _aСкуба В.
090 _a908
_bО-36
942 _cSA
040 _aUA-OsUOA
_bukr
_cUA-OsUOA
_dUA-OsUOA
245 _aЛаскаво просимо до Острозької академії
300 _aС.3
955 _a0
041 _aukr
080 _a908
773 0 _w66918
650 7 _a908 Краєзнавство
_2UDC
999 _c353166
_d353166